| 000 | 00442nam a2200169Ia 4500 | ||
|---|---|---|---|
| 008 | 230917s9999||||xx |||||||||||||| ||und|| | ||
| 020 | _cRS450 | ||
| 040 |
_e232440 _aMAIN |
||
| 041 | _aEnglish | ||
| 082 | _a001.64 S72C | ||
| 100 | _aSareen, Kuldeep | ||
| 245 | 0 | _aCAD/CAM: Theory and concepts | |
| 260 |
_aNew Delhi _bS chand _c2015 |
||
| 300 | _axix, 453 p. | ||
| 500 | _a2296 10/03/2016 HBD15/1732 12/03/2016 Main Budget | ||
| 942 | _cBK | ||
| 999 |
_c18324 _d18324 |
||